[Event "Canovelles op-A"]
[Site "Canovelles"]
[Date "1999.??.??"]
[Round "7"]
[White "Munoz Gallego, Javier"]
[Black "Minguez Rodriguez, Raul"]
[Result "0-1"]
[WhiteElo "2190"]
[BlackElo "2230"]
[PlyCount "70"]
[EventDate "1999.??.??"]
[EventType "swiss"]
[EventRounds "9"]
[EventCountry "ESP"]
[SourceTitle "EXT 2000"]
[Source "ChessBase"]
[SourceDate "1999.11.16"]
[SourceVersion "1"]
[SourceVersionDate "1999.11.16"]
[SourceQuality "1"]

1. Nf3 d5 2. b3 Nc6 3. Bb2 Bg4 4. d4 Bxf3 5. exf3 Nf6 6. Bd3 e6 7. 0-0 Bd6 8. Qd2 0-0 9. c4 Bb4 10. Qe3 Be7 11. Nd2 Qd7 12. Rad1 Rfd8 13. Bb1 dxc4 14. Nxc4 Nb4 15. Ne5 Qb5 16. f4 c5 17. Rfe1 cxd4 18. Bxd4 Nbd5 19. Qf3 Bb4 20. Rf1 Rac8 21. a4 Qa5 22. Nc4 Qc7 23. Be5 Qe7 24. g4 g6 25. Rd3 a6 26. a5 Nd7 27. Bd4 Nc5 28. Rdd1 Qh4 29. Qg3 Qxg3+ 30. hxg3 Nxb3 31. Nb6 Nxd4 32. Nxc8 Ne2+ 33. Kg2 Rxc8 34. Ba2 Nec3 35. Bxd5 Nxd1 0-1

[Event "Canovelles op-A"]
[Site "Canovelles"]
[Date "1999.??.??"]
[Round "6"]
[White "Sorroche Martin, Jose Maria"]
[Black "Munoz Gallego, Javier"]
[Result "0-1"]
[WhiteElo "2270"]
[BlackElo "2190"]
[PlyCount "98"]
[EventDate "1999.??.??"]
[EventType "swiss"]
[EventRounds "9"]
[EventCountry "ESP"]
[SourceTitle "EXT 2000"]
[Source "ChessBase"]
[SourceDate "1999.11.16"]
[SourceVersion "1"]
[SourceVersionDate "1999.11.16"]
[SourceQuality "1"]

1. c4 b6 2. Nc3 Bb7 3. e4 c5 4. Nf3 Nc6 5. d4 cxd4 6. Nxd4 g6 7. Bf4 d6 8. Nxc6 Bxc6 9. Qd4 f6 10. Qd2 Qd7 11. a4 e5 12. Be3 f5 13. exf5 gxf5 14. f4 Nf6 15. a5 Qe6 16. fxe5 Ng4 17. Be2 Nxe3 18. Qxe3 Bh6 19. Qh3 dxe5 20. Nd5 0-0 21. Qg3+ Kh8 22. Nc7 Qd6 23. Nxa8 Bd2+ 24. Kf1 Rg8 25. Qf2 Bxg2+ 26. Qxg2 Rxg2 27. Kxg2 Qc6+ 28. Bf3 e4 29. Bh5 f4 30. axb6 f3+ 31. Bxf3 exf3+ 32. Kf2 Qc5+ 33. Kg3 Qg5+ 34. Kxf3 Qe3+ 35. Kg2 Qe2+ 36. Kg3 Qe3+ 37. Kg2 Qe4+ 38. Kf2 Qe3+ 39. Kg2 Qe4+ 40. Kf2 Be3+ 41. Ke2 Bxb6+ 42. Kd2 Qd4+ 43. Kc2 Qxc4+ 44. Kb1 Qd3+ 45. Ka2 Qd5+ 46. Ka3 Qxa8 47. Rhf1 Qg2 48. Rad1 Qxh2 49. Rd7 Qh3+ 0-1